Marine diesel engines (Record no. 12054)

000 -LEADER
fixed length control field 00529nam a2200205 4500
001 - CONTROL NUMBER
control field 12054
003 - CONTROL NUMBER IDENTIFIER
control field BD-DhUET
008 - FIXED-LENGTH DATA ELEMENTS--GENERAL INFORMATION
fixed length control field 740812s1972 enka 001 0 eng
020 ## - INTERNATIONAL STANDARD BOOK NUMBER
International Standard Book Number 0408000775
040 ## - CATALOGING SOURCE
Original cataloging agency DLC
Transcribing agency DLC
Modifying agency BD-DhUET
082 00 - DEWEY DECIMAL CLASSIFICATION NUMBER
Classification number 626.87236
Item number POU/1972
100 ## - MAIN ENTRY--PERSONAL NAME
Personal name Pounder, C. C.
245 10 - TITLE STATEMENT
Title Marine diesel engines
250 ## - EDITION STATEMENT
Edition statement 5th ed.
260 ## - PUBLICATION, DISTRIBUTION, ETC. (IMPRINT)
Place of publication, distribution, etc. London
Name of publisher, distributor, etc. Newnes-Butterworths
Date of publication, distribution, etc. 1972
300 ## - PHYSICAL DESCRIPTION
Extent 12, 737 p.
Other physical details illus.
Dimensions 23 cm.
490 0# - SERIES STATEMENT
Series statement Marine engineering series
650 #0 - SUBJECT ADDED ENTRY--TOPICAL TERM
Topical term or geographic name as entry element Marine diesel motors
942 ## - ADDED ENTRY ELEMENTS (KOHA)
Koha item type General Book
Holdings
Location (home branch) Damaged status Price effective from Withdrawn status Piece designation (barcode) Koha full call number Sublocation or collection (holding branch) Not for loan Source of classification or shelving scheme Koha item type Lost status Shelving location Copy number Koha normalized classification for sorting Date acquired Koha date last seen
Central Library, BUET 2015-02-23 52342626.87236/POU/1972Central Library, BUET  General Book Circulation section1626_872360000000000_POU_19722015-02-232015-02-23
Central Library, BUET 2015-02-23 52125626.87236/POU/1972Central Library, BUET  General Book Circulation section2626_872360000000000_POU_19722015-02-232015-02-23
Central Library, BUET 2015-03-09 53242626.87236/POU/1972Central Library, BUET  General Book Circulation section3626_872360000000000_POU_19722015-03-092015-03-09
Central Library, BUET 2015-05-06 34390626.87236/POU/1972Central Library, BUET  General Book Circulation section4626_872360000000000_POU_19722015-05-062015-05-06
Central Library, BUET 2015-06-22 34388626.87236/POU/1972Central Library, BUET  Reading Item Reading section5626_872360000000000_POU_19722015-06-222015-06-22
Central Library, BUET 2015-06-23 36819626.87236/POU/1972Central Library, BUET  Reading Item Reading section6626_872360000000000_POU_19722015-06-232015-06-23
Central Library, BUET 2015-06-23 53243626.87236/POU/1972Central Library, BUET  Reading Item Reading section7626_872360000000000_POU_19722015-06-232015-06-23